Bahasa Melayu komunikasi 1 : penguasaan dan penggunaan Bahasa Melayu & Bahasa Melayu merentas kurikulum

Bibliographic Details
Main Author: Ab. Rahman Ab. Rashid
Other Authors: Yap Kim Fatt
Format: Book
Published: Petaling Jaya : Longman Malaysia Sdn.Bhd. , 1997
Subjects:

MARC

LEADER 00000cam a2200000 7i4500
001 0000087033
005 20040909.0
020 |a 9837407786 
090 0 0 |a 499.238   |b ABD 
100 0 |a Ab. Rahman Ab. Rashid 
245 1 0 |a Bahasa Melayu komunikasi 1 :   |b penguasaan dan penggunaan Bahasa Melayu & Bahasa Melayu merentas kurikulum   |c Ab. Rahman Ab. Rashid,Yap Kim Fatt 
260 |a Petaling Jaya :   |b Longman Malaysia Sdn.Bhd. ,   |c 1997 
300 |a 204p. ;   |c 23cm. 
650 0 0 |a Malay language   |x Study and teaching 
650 0 0 |a Malay language   |x Usage 
700 0 |a Yap Kim Fatt 
999 |a 00176873   |b BUKU   |c PINJAMAN   |e PERPUSTAKAAN KOMUNITI PETALING JAYA